000 00432nam a22001697a 4500
005 20250104192048.0
008 250104b |||||||| |||| 00| 0 eng d
020 _a9781035063321
041 _aEng
082 _a823 KAW
100 _aKawaguchi, Toshikazu
245 _aBefore the Coffee Gets Cold
260 _aTokyo
_bPicador
_c2015
300 _a214;. P.
650 _aFiction; Literary; Novels; Science Fiction
942 _cBK
999 _c43191
_d43191